Dictionary of twentieth century culture : African American culture
Αποθηκεύτηκε σε:
| Άλλοι συγγραφείς: | |
|---|---|
| Μορφή: | Βιβλίο |
| Γλώσσα: | English |
| Δημοσίευση: |
Detroit, Mich. :
Gale Research,
c1996
|
| Θέματα: | |
| Ετικέτες: |
Προσθήκη ετικέτας
Δεν υπάρχουν, Καταχωρήστε ετικέτα πρώτοι!
|
MARC
| LEADER | 00000nam a2200000 i 4500 | ||
|---|---|---|---|
| 001 | 1/88652 | ||
| 008 | 990825s1996 eng d | ||
| 020 | |a 081038485x | ||
| 035 | |l 10052585 | ||
| 040 | |a GR-MY-UA |b gre |e aacr | ||
| 041 | 0 | |a eng | |
| 082 | 0 | |a 973.0496073 | |
| 245 | 1 | 0 | |a Dictionary of twentieth century culture : |b African American culture / |c edited by Sandra Adell; assistant editors, Thomas L. Morgan, Patrick Roney |
| 260 | |a Detroit, Mich. : |b Gale Research, |c c1996 | ||
| 300 | |a 531 p. | ||
| 504 | |a Includes bibliographical references and index | ||
| 650 | 0 | 0 | |a African Americans |x Dictionaries. |
| 650 | 0 | 0 | |a African American arts |x Dictionaries. |
| 650 | 0 | 0 | |a African Americans |x Biography |x Dictionaries. |
| 651 | 0 | |a United States |x Civilization |x African American influences |x Dictionaries. | |
| 700 | 1 | |a Adell, Sandra. |4 edt | |
| 852 | |a INST |b LESVOS |e 19990825 |h 973.0496073 AFR |p 005100019717 |q 005100019717 |t REF |y 23 | ||
| 901 | |a BIBL1-1999-2 | ||
| 909 | |a Λ |b 064207 | ||
| 922 | |a 1ΕΛΗ |b 199902 |c ΚΠΣ/ΚΥΒ |d LEADER | ||
| 950 | |a 023-1998-09-14 | ||
| 970 | |z 1999/08/26 |a ΤΖΑΦΕΡΗ |b ΕΥΑΓΓΕΛΙΑ | ||